00865 a2200205 4500003000500000005001700005040000900022082001200031100002600043245011900069260003700188300001300225505023400238538002900472650001400501651001200515942000800527999001900535952010500554Nust20170207165240.0 cNust a621.382 aIqbal,Nadia (MSEE-17) aApplication of compressive sensing for efficient spectrum sensing and detection using cognitive radiocNadia Iqbal aRawalpindibMCS,NUSTcMarch-2014 ax,84 ,p; aIntroduction (page-1) Literature review (page-7) Spectrum sensing using CR (page-14) Compressive sensing and detection of wideband spectrum using CR (page-34) Simulation and results (page-56) Conclusion and future workk (page-75) aAlmirah No,69 Shelf No,3 aPG Thesis aMSEE-17 cTHS c211165d211165 00102ddc40708NFICaMCSbMCSd2016-12-12l0o621.382 IQBpMCSTEE-217r2016-12-08w2016-12-12yBK